| 000 | 03918nam a22002657a 4500 | ||
|---|---|---|---|
| 001 | 5150425 | ||
| 003 | UA-OsUOA | ||
| 005 | 20201105163226.0 | ||
| 008 | 200324b un ||||| m||| 00| 0 ukr d | ||
| 040 |
_aUA-OsUOA _bukr _cUA-OsUOA _dUA-OsUOA |
||
| 041 | _aukr | ||
| 080 | _a343.125:343.126:343.13 | ||
| 090 | _a343.125:343.126:343.13 | ||
| 095 |
_a12.00.09 _bкримінальний процес та криміналістика; судова експертиза; оперативно-розшукова діяльність |
||
| 100 | _aСереда К. О. | ||
| 245 |
_aПравове регулювання запобіжних заходів у кримінальному провадженні _cСереда Катерина Олександрівна ; наук. керівник Удалова Лариса Давидівна |
||
| 260 |
_aКиїв _c2018 |
||
| 300 | _a18 с. | ||
| 502 |
_6Автореферат дисертації на здобуття наукового ступеня кандидата юридичних наук
_cНаціональна академія внутрішніх справ _d2018 |
||
| 520 | _aУ дисертації здійснено комплексне дослідження правового регулювання запобіжних заходів у кримінальному провадженні. Досліджено сутність запобіжних заходів як предмету правового регулювання у кримінальному процесі. Проведено аналіз наукових поглядів та норм кримінального процесуального законодавства щодо запобіжних заходів та визначено їх поняття та систему. Розкрито функціональне призначення запобіжних заходів у кримінальному провадженні, визначено предмет кримінального процесуального права в частині регламентації запобіжних заходів та методи кримінального процесуального права, застосовувані для правового регулювання запобіжних заходів. Проведено дослідження загальних та спеціальних правил застосування запобіжних заходів у кримінальному провадженні. Визначено істотні ознаки загальних правил застосування запобіжних заходів та сформульовано положення, що складають систему таких правил. Розглянуто недоліки спеціальних правил застосування запобіжних заходів у кримінальному провадженні. Досліджено норми права, якими регулюються запобіжні заходи у кримінальному процесі. Розкрито структурні елементи норм права, якими регулюються запобіжні заходи у кримінальному провадженні. Сформульовано пропозиції стосовно удосконалення нормативного забезпечення застосування запобіжних заходів у кримінальному провадженні. | ||
| 650 |
_2UDC _a343 Кримінальне право. Карні порушення |
||
| 942 |
_2udc _cAR |
||
| 955 | _a1 | ||
| 999 |
_c458589 _d458589 |
||